000 00573nam a22001817a 4500
005 20251108165009.0
008 250721s1993 xx 000 0 ara d
082 1 4 _a530.01/كار
100 1 _aكارناب، رودلف
245 1 0 _aالأسس الفلسفية للفيزياء /
264 1 _aبيروت :
_bدار التنوير للطباعة و النشر،
_c1993.
300 _a295ص.
490 0 _aمدخل إلى فلسفة العلوم
650 1 7 _aالفيزياء
700 1 _aنفادي، السيد
_eترجمة
942 _2ddc
_cBK
999 _c19424
_d19424